Statystyki dla Polskie kluby które chociaż raz zdobyły dublet

Kliknij tutaj aby rozwiązać quiz!

Ogólne statystyki

  • Ten quiz został rozwiązany 113 razy
  • Średni wynik to 5 z 5

Statystyki odpowiedzi

LiczbaKlub% Poprawnych
7Legia Warszawa
100%
1Lech Poznań
93%
1Wisła Kraków
92%
3Górnik Zabrze
86%
1Ruch Chorzów
81%

Rozkład punktacji

Percentyl według liczby udzielonych odpowiedzi

Procent ludzi z każdym wynikiem

Twoja historia wyników

Nie rozwiązałeś tego quizu